000 00756nam a2200241 i 4500
001 6916
003 ES-MaACL
005 20230906145124.0
007 t|
008 900712s1987 sp ||||1| spa d
020 _a84-345-8447-6
080 _a539.16
100 1 _aRadvanyi, Pierre.
_994938
245 1 3 _aLa Radiactividad artificial /
_cP. Radvanyi, M. Bordry.
260 _aBarcelona :
_bSalvat,
_cD.L. 1987.
300 _aVII, 201. [5] p. :
_bil. ;
_c19 cm.
490 1 _aBiblioteca científica Salvat ;
_v80
650 1 4 _aRadiactividad-
_vObras de divulgación.
_916660
700 1 _aBordry, Monique.
_930426
830 0 _aBiblioteca científica Salvat ;
_v80
_9177703
852 _aES-MaACL
_jL-14163
_bR.117751
_z. - rust.
999 _c6916
_d6916